000 00962nam a2200265 i 4500
001 bg
003 BPK
005 20200630132815.0
008 990421s1977 pl a f f |000 0 pol
015 _aPB 1977/5660
040 _aWA N
_cBPK
041 0 _apol
080 _a624.01/.07:531
080 _a(075.8+076)
100 1 _aCywiński, Zbigniew
_d(1929- )
_eAutor
245 1 0 _aMechanika budowli w zadaniach.
_nT. 2,
_pPodstawy układów statycznie niewyznaczalnych /
_cZbigniew Cywiński.
246 3 0 _aPodstawy układów statycznie niewyznaczalnych
260 _aWarszawa ;
_aPoznań :
_bPańst. Wydaw. Naukowe,
_c1977.
300 _a319 s., [1] k. tabl. :
_bil. ;
_c24 cm.
655 4 _aĆwiczenia i zadania dla szkół wyższych
650 4 _aMechanika budowli
710 2 _aPaństwowe Wydawnictwo Naukowe
_4pbl.
856 _uhttp://koha.tu.koszalin.pl/cgi-bin/koha/opac-detail.pl?biblionumber=231
_yKatalog online BPK
942 _2UKD
_cKS
999 _c231
_d231